| 000 | 01056nam a22002657a 4500 | ||
|---|---|---|---|
| 999 |
_c12923 _d12923 |
||
| 005 | 20251125232838.0 | ||
| 008 | s2546 th tha d | ||
| 020 | _a9749609247 | ||
| 040 | _aNALT | ||
| 041 | _atha | ||
| 050 | _aDS586 ช495บ 2546 | ||
| 100 | 0 | _aจรัล ดิษฐาอภิชัย | |
| 245 | 1 | 0 | _aบันทึกประวัติศาสตร์ 14 ตุลา 2516 [3rd] |
| 260 | 3 |
_aกรุงเทพฯ : _bสายธาร, _c2546 |
|
| 300 |
_a216 หน้า : _b ภาพประกอบ ; _c 21 ซม. |
||
| 650 | 0 | 4 | _a14 ตุลาคม 2516 |
| 650 | 0 | 4 | _aประชาธิปไตย |
| 650 | 0 | 4 | _aวันมหาวิปโยค |
| 650 | 0 | 4 | _aเหตุการณ์ 14 ตุลาคม 2516 |
| 650 | 0 | 4 | _aไทย -- การเมืองและการปกครอง -- กรุงรัตนโกสินทร์, 2516 |
| 850 | _aNALT | ||
| 856 | 4 | 0 |
_uhttps://hdl.handle.net/20.500.14156/448253 _71 |
| 942 |
_cGB _2lcc |
||